Riconosci il Pokémon - Quiz n°956 - Statistics

Statistiche generali
  • Questo quiz è stato fatto 3 volte
  • Il punteggio medio è 8 su 10
Statistiche sulle risposte
Indizio Risposta % Corretto
Abilità Clorofilla; Voracità
100%
Tipo Erba / Veleno
100%
Generazione Prima
100%
Altezza 0,7 m
67%
Tasso di cattura 255 (43.9%)
67%
Peso 4,00 kg
67%
Sesso 50% ♂, 50% ♀
67%
Pokémon Bellsprout
67%
Stadio evoluzione Forma Base
67%
Tasso di allevamento Medio-Lento
67%
Nessun quiz corrispondente trovato
Distribuzione punteggi
Percentuale di utenti per punteggio
Percentile per numero di risposta
I tuoi punteggi nel tempo
Non hai fatto questo quiz